ক্ষেপুউল্লাহ বয়াতির জীবন ও সাহিত্যকর্ম: (Record no. 34373)

MARC details
000 -LEADER
fixed length control field 00947nam a22002177a 4500
003 - CONTROL NUMBER IDENTIFIER
control field BDDh-ASL
005 - DATE AND TIME OF LATEST TRANSACTION
control field 20231016062622.0
008 - FIXED-LENGTH DATA ELEMENTS--GENERAL INFORMATION
fixed length control field 230718s b ||||| |||| 00| 0 b d
040 ## - CATALOGING SOURCE
Transcribing agency BDDh-ASL
041 ## - LANGUAGE CODE
Language code of text/sound track or separate title ben
082 ## - DEWEY DECIMAL CLASSIFICATION NUMBER
Classification number 920.71
Item number AHK
100 1# - MAIN ENTRY--PERSONAL NAME
Personal name আহসান, মোস্তফা তারিকুল
Titles and words associated with a name ড.
9 (RLIN) 8325
245 10 - TITLE STATEMENT
Title ক্ষেপুউল্লাহ বয়াতির জীবন ও সাহিত্যকর্ম:
Remainder of title (১৮৭৯-১৯৪২) /
246 ## - VARYING FORM OF TITLE
Title proper/short title Khepullah Boyatir Jibon O Sahityakormo.
260 ## - PUBLICATION, DISTRIBUTION, ETC.
Place of publication, distribution, etc. ঢাকা:
Name of publisher, distributor, etc. নন্দিতা প্রকাশ,
Date of publication, distribution, etc. ২০১৪।
300 ## - PHYSICAL DESCRIPTION
Extent ১১২ পৃষ্ঠা:
Dimensions ২২ সে.মি.
600 10 - SUBJECT ADDED ENTRY--PERSONAL NAME
Personal name বয়াতি, ক্ষেপুউল্লাহ
9 (RLIN) 8326
650 #0 - SUBJECT ADDED ENTRY--TOPICAL TERM
Topical term or geographic name entry element biographical dictionary - চরিতাভিধান
9 (RLIN) 4665
700 1# - ADDED ENTRY--PERSONAL NAME
Personal name পিন্টু, আশরাফ
Titles and other words associated with a name ড.
9 (RLIN) 6988
942 ## - ADDED ENTRY ELEMENTS (KOHA)
Source of classification or shelving scheme Dewey Decimal Classification
Koha item type Books
Holdings
Withdrawn status Lost status Source of classification or shelving scheme Damaged status Not for loan Collection code Home library Current library Shelving location Date acquired Source of acquisition Total Checkouts Full call number Barcode Date last seen Copy number Price effective from Koha item type Public note
    Dewey Decimal Classification     Non-fiction Asiatic Society Library Asiatic Society Library General Stacks 07/18/2023 Complimentary   920.71 AHK 124987 07/18/2023 C-1 07/18/2023 Books Y-2014

Powered by Koha